Mary and Florence at sixteen : A continuation of "Grave and gay" /

Bibliographic Details
Main Author: Tytler, Ann Fraser
Format: Microform Book
Language:English
Published: London : J. Hatchard and Son, 1841
Edition:3rd ed.
Series:Opie collection of children's literature ; 006:156.
Subjects:

MARC

Tag First Indicator Second Indicator Subfields
LEADER 00000cam a2200000Ia 4500
001 in00002560121
005 20151201153850.0
007 he amv---bacp
007 hd bfv---baap
008 940811s1841 enkaf jb 000 1 eng d
035 |a (OCoLC)ocm30930396 
037 |a CL0021000006  |b University Microfilms International 
037 |b University Microfilms International, 300 North Zeeb Road, Ann Arbor, MI 48106 
040 |a OPP  |c OPP  |d UtOrBLW 
049 |a UMIA 
090 |a PZ5  |b .O67 1990 no.006:156. 
100 1 |a Tytler, Ann Fraser. 
245 1 0 |a Mary and Florence at sixteen :  |b A continuation of "Grave and gay" /  |c by Ann Fraser Tytler. 
250 |a 3rd ed. 
264 1 |a London :  |b J. Hatchard and Son,  |c 1841 
264 3 |a London :  |b Printed by G.J. Palmer 
300 |a 340 pages, 1 unnumbered leaf of plates :  |b illustrations 
336 |a text  |b txt  |2 rdacontent 
337 |a microform  |b h  |2 rdamedia 
338 |a microfiche  |b he  |2 rdacarrier 
500 |a Reproduction of original in the Bodleian Library. 
510 4 |a Opie  |c A 1206 
533 |a Microfiche.  |b Ann Arbor, Mich.  |c University Microfilms International,  |d 1992.  |e 4 microfiche.  |f (Opie collection of children's literature ; 006:156).  |7 s1992 miun b 
500 |a Microform. 
650 0 |a Christian life  |v Juvenile fiction. 
830 0 |a Opie collection of children's literature ;  |v 006:156. 
999 |a MARS 
999 f f |s 1083f49b-bbf6-3697-948c-ea2efeff189d  |i 5a8c8452-31fa-37d6-860c-50bb00040085  |t 0 
952 f f |a Texas A&M University  |b College Station  |c Sterling C. Evans Library  |d Evans: Microforms Fiche (3rd floor)  |t 0  |e PZ5 .O67 1990 no.006:156.  |h Library of Congress classification 
998 f f |a PZ5 .O67 1990 no.006:156.  |t 0  |l Evans: Microforms Fiche (3rd floor)